Statistics for African Countries That End in IA

Click here to take the quiz!

General Stats

  • This quiz has been taken 581 times
  • The average score is 9 of 11

Answer Stats

Country% Correct
Algeria
92%
Namibia
89%
Zambia
89%
Nigeria
87%
Tanzania
86%
Gambia
85%
Ethiopia
84%
Liberia
81%
Somalia
81%
Mauritania
79%
Tunisia
79%

Score Distribution

Percentile by Number Answered

Percent of People with Each Score

Your Score History

You have not taken this quiz